000 00615nam a22001937a 4500
005 20180423142557.0
010 _aENG-122777
020 _a9789352805082
_c595.00
035 _aEN-106309
037 _bDBAD/PUB
082 0 0 _a507.2054
100 _aAggarwal, Varun
245 1 0 _aLeading science and technology : india next? /
_cby Varun Aggarwal
260 _a New Delhi
_bSAGE Publications,
_c2018
270 _aB1/I-1 Mohan Cooperative Industrial Area, Mathura Road
_b New Delhi
_e110044
300 _a277p.
_c22 cm.(pbk)
500 _aIt include index
942 _2ddc
_cEN
_h507.2054
_mAGG
999 _c151682
_d151682